000
00301nam a22001337a 4500
008
170727b xxu||||| |||| 00| 0 eng d
020
_a
9780471462613
041
_a
eng
080
_a
004
100
_a
29
101
_a
SHKI
245
_a
DATA MINING WITH SQL SERVER 2005
_c
TANG, ZH
942
_2
udc
_c
BK
999
_c
22002
_d
22002